Science Quiz

Random Science or Math Quiz

Math Maze! Quiz Stats

 Plays Quiz Updated May 7, 2013

Challenge
Share
Tweet
Embed
Score 0/25 Timer 02:00
0 Plays Today
% Correct
4
99.6%
7
99%
42
97.6%
36
96%
3
95.6%
6
95.6%
1
94.9%
2
94.9%
39
94.8%
34
94%
68
93.9%
19
90.6%
11
90.2%
% Correct
121
89.8%
33
89.8%
125
89.7%
75
87.2%
25
86.3%
51
85.3%
47
83.4%
50
81.6%
5
81%
77
80.1%
154
79.5%
100
78.9%

You're not logged in!

Compare scores with friends on all Sporcle quizzes.
OR
Log In

You Might Also Like...

Show Comments

Extras

Top Quizzes Today


Score Distribution

Your Account Isn't Verified!

In order to create a playlist on Sporcle, you need to verify the email address you used during registration. Go to your Sporcle Settings to finish the process.

Report this User

Report this user for behavior that violates our Community Guidelines.

Details: